Elegy on the death of the Reverend Jonathan Mayhew, D.D : who departed this life July 9th, Anno Domini, 1766. Aetatis suae 46.

Bibliographic Details
Main Author: Church, Benjamin, 1734-1778
Corporate Author: Gale (Firm)
Other Authors: Edes, Benjamin, 1732-1803 (Printer), Gill, John, 1732-1785 (Printer)
Format: eBook
Language:English
Subjects:
Online Access:Connect to the full text of this electronic book

MARC

Tag First Indicator Second Indicator Subfields
LEADER 00000cam a2200000 4500
001 in00003879331
005 20190415192718.0
006 m o d
007 cr |n||||||||n
008 830804s1766 xxu|||| o 00| | eng c
035 |a (CU-RivES)W23130 
035 |a (Uk-ES)006441271 
035 |a (OCoLC)511119081 
040 |a MWA  |c MWA  |d CU-RivES  |d CStRLIN  |d Cengage Gale  |d UtOrBLW 
050 4 |a Z1215  |b .C487 1766 
100 1 |a Church, Benjamin,  |d 1734-1778.  |0 http://id.loc.gov/authorities/names/n81024763 
245 1 0 |a Elegy on the death of the Reverend Jonathan Mayhew, D.D :  |b who departed this life July 9th, Anno Domini, 1766. Aetatis suae 46. 
264 3 |a Boston: N.E. :  |b Printed and sold by Edes and Gill, in Queen-Street,  |c [1766] 
300 |a 1 online resource (15, 1 unnumbered pages)  
336 |a text  |b txt  |2 rdacontent 
337 |a computer  |b c  |2 rdamedia 
338 |a online resource  |b cr  |2 rdacarrier 
500 |a Attributed to Benjamin Church by Evans. 
509 |a Signatures: [A]⁴ B⁴ (B4 verso blank) 
510 4 |a Evans,  |c 10259 
510 4 |a Wegelin, O. Amer. poetry,  |c 68 
510 4 |a Sabin,  |c 12979 
510 4 |a English Short Title Catalog,  |c W23130. 
500 |a Reproduction of original from Boston Public Library. 
500 |a Electronic resource. 
600 1 0 |a Mayhew, Jonathan,  |d 1720-1766.  |0 http://id.loc.gov/authorities/names/n50007321 
655 7 |a Electronic books.  |2 local 
655 7 |a Elegies.  |2 rbgenr 
700 1 |a Edes, Benjamin,  |d 1732-1803,  |e printer.  |0 http://id.loc.gov/authorities/names/n87869696 
700 1 |a Gill, John,  |d 1732-1785,  |e printer.  |0 http://id.loc.gov/authorities/names/n87913868 
710 2 |a Gale (Firm)  |0 http://id.loc.gov/authorities/names/no2008071348 
752 |a United States  |b Massachusetts  |d Boston. 
856 4 0 |u http://proxy.library.tamu.edu/login?url=http://find.galegroup.com/ecco/infomark.do?contentSet=ECCOArticles&docType=ECCOArticles&bookId=1421101200&type=getFullCitation&tabID=T001&prodId=ECCO&docLevel=TEXT_GRAPHICS&version=1.0&source=library&userGroupName=txshracd2898  |z Connect to the full text of this electronic book  |t 0 
999 f f |s 16cae05b-c5dc-3288-ab05-cd040e81ab54  |i d85d1b3d-9089-31c3-b46b-7dc8ff530bd5  |t 0 
952 f f |a Texas A&M University  |b College Station  |c Electronic Resources  |d Available Online  |t 0  |e Z1215 .C487 1766  |h Library of Congress classification 
998 f f |a Z1215 .C487 1766  |t 0  |l Available Online